000 00908cab a2200313 4500
001 ABS55955
008 090401t1996 xxu||||| |||| 00| 0 eng d
035 _a(Sirsi) u20081
041 _aeng
245 _aFocus `96: industrial and distribution
260 _c1996
350 _a0
490 _aEstates Gazette
_v(9644) 2 November 1996, 89-172(27)
650 _aAUTOMATED WAREHOUSES
650 _aDESIGN
650 _aDISTRIBUTION CENTRES
650 _aDISTRIBUTION PROPERTY
650 _aEXEL LOGISTICS
650 _aGAZELEY PROPERTIES
650 _aGEFCO
650 _aHIGH BAY WAREHOUSES
650 _aINDUSTRIAL MARKET
650 _aRAIL FREIGHT TERMINALS
650 _aPROPERTY-COMMERCIAL PROPERTY-RETAIL PROPERTY-RETAIL PROPERTY MARKET
650 _aTRANSPORT ISSUES
690 _aPROPERTY-COMMERCIAL PROPERTY-COMMERCIAL PROPERTY MARKET
942 _n0
948 _c04/03/1997
999 _c13455
_d13455